[Event "84th ESP-ch 2019"]
[Site "Marbella"]
[Date "2019.11.23"]
[Round "8.35"]
[White "Antonano Fedz-Quincoces, Avelino"]
[Black "Donado-Mazarron Gomez, Miguel"]
[Result "1/2-1/2"]
[WhiteElo "2021"]
[BlackElo "2171"]
[Annotator "ChessBase"]
[PlyCount "69"]
[EventDate "2019.11.16"]
[EventType "swiss"]
[EventCountry "ESP"]
[SourceTitle "playchess.com"]
[Source "ChessBase"]
[SourceQuality "1"]
[TimeControl "5400+30"]

1. e4 {[%emt 0:00:00]} c5 {[%emt 0:00:00]} 2. Nf3 {[%emt 0:00:00]} d6 {[%emt 0:00:00]} 3. d4 {[%emt 0:00:00]} cxd4 {[%emt 0:00:00]} 4. Nxd4 {[%emt 0:00:05]} Nf6 {[%emt 0:00:00]} 5. Nc3 {[%emt 0:00:17]} a6 {[%emt 0:00:00]} 6. g3 {[%emt 0:00:18]} e5 7. Nb3 {[%emt 0:00:12]} Nbd7 {[%emt 0:02:08]} 8. a4 {[%emt 0:00:36]} b6 {[%emt 0:01:26]} 9. Bg2 {[%emt 0:00:15]} Bb7 {[%emt 0:00:22]} 10. O-O {[%emt 0:00:12]} Rc8 {[%emt 0:01:01]} 11. Re1 {[%emt 0:00:31]} Rc7 {[%emt 0:07:08]} 12. Bg5 Be7 {[%emt 0:05:34]} 13. Nd2 {[%emt 0:10:06]} Qa8 {[%emt 0:01:19]} 14. Nf1 {[%emt 0:01:23]} Rxc3 {[%emt 0:07:13]} 15. Bxf6 {[%emt 0:07:30]} Nxf6 {[%emt 0:00:37]} 16. bxc3 {[%emt 0:00:26]} Nxe4 {[%emt 0:03:44]} 17. Ne3 {[%emt 0:06:49]} d5 {[%emt 0:05:35]} 18. Bxe4 {[%emt 0:04:49]} dxe4 {[%emt 0:00:37]} 19. Nf5 {[%emt 0:01:38]} Qb8 {[%emt 0:06:21]} 20. Nxe7 {[%emt 0:04:16]} Kxe7 {[%emt 0:00:25]} 21. Qg4 {[%emt 0:01:41]} g6 {[%emt 0:00:49]} 22. Rad1 {[%emt 0:01:04]} Qc7 {[%emt 0:01:07]} 23. Rd2 {[%emt 0:27:44]} Qc6 {[%emt 0:09:37]} 24. Red1 {[%emt 0:01:35]} Bc8 {[%emt 0:12:08]} 25. Qh4+ {[%emt 0:02:56]} f6 {[%emt 0:00:53]} 26. Qh6 {[%emt 0:00:12]} Kf7 {[%emt 0:03:53]} 27. Rd8 {[%emt 0:02:47]} Rxd8 {[%emt 0:02:35]} 28. Qxh7+ {[%emt 0:00:15]} Ke6 {[%emt 0:00:12]} 29. Rxd8 {[%emt 0:01:08]} e3 {[%emt 0:00:18]} 30. g4 {[%emt 0:25:38]} e2 {[%emt 0:09:01]} 31. Qg8+ {[%emt 0:00:03]} Ke7 {[%emt 0:00:06]} 32. Qf8+ {[%emt 0:00:06]} Ke6 {[%emt 0:00:04]} 33. Qg8+ {[%emt 0:00:10]} Ke7 {[%emt 0:00:04]} 34. Qf8+ {[%emt 0:00:07]} Ke6 {[%emt 0:00:04]} 35. Qg8+ {[%emt 0:02:10]} 1/2-1/2

[Event "84th ESP-ch 2019"]
[Site "Marbella"]
[Date "2019.11.23"]
[Round "8.36"]
[White "Vega Gutierrez, Belinda"]
[Black "Hernandez Perez, Jesus"]
[Result "1/2-1/2"]
[WhiteElo "2161"]
[BlackElo "1956"]
[Annotator "ChessBase"]
[PlyCount "64"]
[EventDate "2019.11.16"]
[EventType "swiss"]
[EventCountry "ESP"]
[SourceTitle "playchess.com"]
[Source "ChessBase"]
[SourceQuality "1"]
[TimeControl "5400+30"]

1. e4 {[%emt 0:00:00]} e6 {[%emt 0:00:00]} 2. d4 {[%emt 0:00:00]} d5 {[%emt 0:00:08]} 3. Nc3 {[%emt 0:00:01]} dxe4 {[%emt 0:00:22]} 4. Nxe4 {[%emt 0:00:10]} Bd7 {[%emt 0:00:09]} 5. Nf3 {[%emt 0:00:18]} Bc6 {[%emt 0:00:21]} 6. Bd3 {[%emt 0:00:13]} Nd7 {[%emt 0:00:25]} 7. O-O {[%emt 0:00:22]} Ngf6 {[%emt 0:00:51]} 8. Ng3 {[%emt 0:00:26]} Bxf3 {[%emt 0:04:16]} 9. Qxf3 {[%emt 0:00:13]} c6 {[%emt 0:00:15]} 10. b3 {[%emt 0:06:59]} Be7 {[%emt 0:03:46]} 11. Bb2 {[%emt 0:00:11]} O-O {[%emt 0:00:33]} 12. c4 {[%emt 0:01:25]} Qa5 {[%emt 0:03:07]} 13. Rfe1 {[%emt 0:16:43]} Ba3 {[%emt 0:10:34]} 14. Bc3 {[%emt 0:20:29]} Bb4 {[%emt 0:04:35]} 15. Ne2 {[%emt 0:00:52]} Bxc3 {[%emt 0:03:04]} 16. Nxc3 {[%emt 0:00:03]} Rfd8 {[%emt 0:02:35]} 17. Rad1 {[%emt 0:03:57]} Qc7 {[%emt 0:08:58]} 18. Bc2 {[%emt 0:09:52]} Nf8 {[%emt 0:06:21]} 19. h4 {[%emt 0:09:54]} Qa5 {[%emt 0:18:15]} 20. Re5 {[%emt 0:03:55]} Qc7 {[%emt 0:03:03]} 21. h5 {[%emt 0:04:32]} Rxd4 {[%emt 0:04:01]} 22. Rde1 {[%emt 0:12:58]} h6 {[%emt 0:02:55]} 23. g3 {[%emt 0:03:13]} Rad8 {[%emt 0:02:46]} 24. Bb1 {[%emt 0:02:14]} N8h7 {[%emt 0:03:14]} 25. Kg2 {[%emt 0:02:26]} Rd2 {[%emt 0:02:30]} 26. R1e3 {[%emt 0:00:59]} R8d4 {[%emt 0:07:00]} 27. Ne2 {[%emt 0:00:02]} Rd8 {[%emt 0:00:17]} 28. Nc3 {[%emt 0:00:01]} Rb2 {[%emt 0:01:07]} 29. Re1 {[%emt 0:01:17]} Rdd2 {[%emt 0:00:41]} 30. R5e2 {[%emt 0:00:29]} Ng5 {[%emt 0:01:41]} 31. Qe3 {[%emt 0:00:29]} Qd6 {[%emt 0:01:16]} 32. Qxa7 {[%emt 0:00:26]} Rxe2 1/2-1/2

[Event "84th ESP-ch 2019"]
[Site "Marbella"]
[Date "2019.11.23"]
[Round "8.37"]
[White "Perez Guerra, Alberto"]
[Black "Guadamuro Torrente, Anabel"]
[Result "0-1"]
[WhiteElo "1988"]
[BlackElo "2145"]
[Annotator "ChessBase"]
[PlyCount "90"]
[EventDate "2019.11.16"]
[EventType "swiss"]
[EventCountry "ESP"]
[SourceTitle "playchess.com"]
[Source "ChessBase"]
[SourceQuality "1"]
[TimeControl "5400+30"]

1. c4 {[%emt 0:00:00]} e5 {[%emt 0:00:47]} 2. g3 {[%emt 0:00:00]} Nf6 {[%emt 0:01:53]} 3. Bg2 {[%emt 0:00:00]} Bc5 {[%emt 0:02:37]} 4. Nc3 {[%emt 0:00:08]} Nc6 {[%emt 0:02:41]} 5. e3 {[%emt 0:00:21]} O-O {[%emt 0:00:47]} 6. Nge2 {[%emt 0:00:08]} Re8 {[%emt 0:02:40]} 7. d3 {[%emt 0:00:55]} Bf8 {[%emt 0:03:09]} 8. O-O {[%emt 0:00:25]} d6 {[%emt 0:00:48]} 9. Rb1 {[%emt 0:04:09]} a5 {[%emt 0:04:44]} 10. a3 {[%emt 0:04:37]} Ne7 {[%emt 0:03:06]} 11. e4 {[%emt 0:05:39]} c6 {[%emt 0:07:50]} 12. Bg5 {[%emt 0:08:56]} Ng6 {[%emt 0:00:28]} 13. d4 {[%emt 0:01:20]} h6 {[%emt 0:01:34]} 14. Bxf6 {[%emt 0:03:22]} Qxf6 {[%emt 0:00:13]} 15. d5 {[%emt 0:00:15]} h5 {[%emt 0:03:50]} 16. h4 {[%emt 0:07:24]} Bg4 {[%emt 0:01:14]} 17. Qd3 {[%emt 0:00:09]} Be7 {[%emt 0:02:19]} 18. Qe3 {[%emt 0:06:58]} c5 {[%emt 0:02:15]} 19. Kh2 {[%emt 0:04:11]} b6 {[%emt 0:03:00]} 20. Ng1 {[%emt 0:01:30]} Nf8 {[%emt 0:03:35]} 21. Bh3 {[%emt 0:04:40]} Nh7 {[%emt 0:01:01]} 22. f3 {[%emt 0:04:59]} Bxh3 {[%emt 0:00:17]} 23. Nxh3 {[%emt 0:00:02]} Qg6 {[%emt 0:01:18]} 24. Nb5 {[%emt 0:02:16]} Bd8 {[%emt 0:01:40]} 25. Rbe1 {[%emt 0:00:01]} a4 {[%emt 0:01:53]} 26. Rg1 {[%emt 0:03:01]} Rf8 {[%emt 0:01:14]} 27. Re2 {[%emt 0:04:03]} f5 {[%emt 0:06:04]} 28. exf5 {[%emt 0:07:54]} Qxf5 {[%emt 0:07:15]} 29. Nxd6 {[%emt 0:04:11]} Qxf3 {[%emt 0:00:19]} 30. Qxf3 {[%emt 0:01:12]} Rxf3 {[%emt 0:00:06]} 31. Kg2 {[%emt 0:00:43]} Rb3 {[%emt 0:01:21]} 32. Rf1 {[%emt 0:02:06]} Bf6 {[%emt 0:02:47]} 33. Ne4 {[%emt 0:02:26]} Rd8 {[%emt 0:01:33]} 34. Rf3 {[%emt 0:00:07]} Rxf3 {[%emt 0:01:32]} 35. Kxf3 {[%emt 0:00:02]} Nf8 {[%emt 0:02:01]} 36. Nhf2 {[%emt 0:00:50]} Nd7 {[%emt 0:00:45]} 37. Nd1 {[%emt 0:00:40]} Kf8 {[%emt 0:04:33]} 38. Ndc3 {[%emt 0:01:35]} Ra8 {[%emt 0:00:15]} 39. Nxf6 {[%emt 0:02:19]} gxf6 {[%emt 0:00:33]} 40. Ke4 {[%emt 0:00:01]} Kf7 {[%emt 0:01:59]} 41. Kf5 {[%emt 0:01:53]} Rg8 {[%emt 0:00:28]} 42. Re3 {[%emt 0:01:21]} Rg4 {[%emt 0:00:36]} 43. Ne4 {[%emt 0:00:01]} Nf8 {[%emt 0:01:51]} 44. Rc3 {[%emt 0:08:28]} Ng6 {[%emt 0:03:03]} 45. d6 {[%emt 0:00:21]} Nxh4+ {[%emt 0:00:45]} 0-1

[Event "84th ESP-ch 2019"]
[Site "Marbella"]
[Date "2019.11.23"]
[Round "8.38"]
[White "Arroyo Rodriguez, Jesus"]
[Black "Ruiz Buendia, Miguel"]
[Result "1-0"]
[WhiteElo "2112"]
[BlackElo "1875"]
[Annotator "ChessBase"]
[PlyCount "75"]
[EventDate "2019.11.16"]
[EventType "swiss"]
[EventCountry "ESP"]
[SourceTitle "playchess.com"]
[Source "ChessBase"]
[SourceQuality "1"]
[TimeControl "5400+30"]

1. e4 {[%emt 0:00:44]} c5 {[%emt 0:00:00]} 2. Nf3 {[%emt 0:00:39]} d6 {[%emt 0:00:00]} 3. d4 {[%emt 0:00:08]} cxd4 {[%emt 0:00:00]} 4. Nxd4 {[%emt 0:00:07]} Nf6 {[%emt 0:00:00]} 5. Nc3 {[%emt 0:00:08]} g6 {[%emt 0:00:00]} 6. Be3 {[%emt 0:00:44]} Bg7 {[%emt 0:00:00]} 7. f3 {[%emt 0:00:09]} O-O {[%emt 0:00:01]} 8. Qd2 {[%emt 0:00:17]} Nc6 {[%emt 0:00:04]} 9. O-O-O {[%emt 0:00:13]} d5 {[%emt 0:00:02]} 10. Qe1 {[%emt 0:00:29]} e5 {[%emt 0:02:01]} 11. Nxc6 {[%emt 0:00:48]} bxc6 {[%emt 0:00:19]} 12. exd5 {[%emt 0:00:42]} Nxd5 {[%emt 0:03:26]} 13. Bc5 {[%emt 0:00:38]} Bh6+ {[%emt 0:12:39]} 14. Kb1 {[%emt 0:09:24]} Nxc3+ {[%emt 0:00:34]} 15. bxc3 {[%emt 0:00:40]} Qa5 {[%emt 0:11:31]} 16. Bxf8 {[%emt 0:12:27]} Be6 {[%emt 0:26:06]} 17. c4 {[%emt 0:11:02]} Rb8+ {[%emt 0:02:13]} 18. Ka1 {[%emt 0:00:45]} Qxe1 {[%emt 0:02:13]} 19. Rxe1 {[%emt 0:00:32]} Bd2 {[%emt 0:01:24]} 20. a4 {[%emt 0:03:41]} Bxe1 {[%emt 0:03:19]} 21. Ba3 {[%emt 0:06:55]} Bb4 {[%emt 0:03:15]} 22. Bb2 {[%emt 0:05:10]} f6 {[%emt 0:01:48]} 23. Bd3 {[%emt 0:00:58]} Rb6 {[%emt 0:02:52]} 24. Ka2 c5 {[%emt 0:03:19]} 25. Rd1 {[%emt 0:15:22]} Ra6 {[%emt 0:04:48]} 26. c3 {[%emt 0:03:15]} Ba5 {[%emt 0:00:34]} 27. Ba3 {[%emt 0:01:48]} Bxc3 {[%emt 0:02:11]} 28. Bxc5 {[%emt 0:00:56]} Bd7 {[%emt 0:01:28]} 29. Bc2 {[%emt 0:03:04]} Be6 {[%emt 0:06:13]} 30. Kb3 {[%emt 0:03:01]} Ba5 {[%emt 0:00:51]} 31. Be4 {[%emt 0:01:10]} Bf7 {[%emt 0:02:18]} 32. Rd7 {[%emt 0:05:41]} f5 {[%emt 0:02:59]} 33. Bb7 {[%emt 0:01:02]} Rf6 {[%emt 0:00:46]} 34. Bxa7 {[%emt 0:00:59]} e4 {[%emt 0:01:21]} 35. Bd4 {[%emt 0:02:48]} e3 {[%emt 0:00:55]} 36. Bxf6 {[%emt 0:01:43]} e2 {[%emt 0:00:47]} 37. Bh4 {[%emt 0:00:42]} g5 {[%emt 0:00:23]} 38. Bf2 {[%emt 0:00:47]} 1-0

[Event "84th ESP-ch 2019"]
[Site "Marbella"]
[Date "2019.11.23"]
[Round "8.39"]
[White "Perez Ramos, Juan Carlos"]
[Black "Pindado Campos, Raul"]
[Result "0-1"]
[WhiteElo "1888"]
[BlackElo "2100"]
[Annotator "ChessBase"]
[PlyCount "80"]
[EventDate "2019.11.16"]
[EventType "swiss"]
[EventCountry "ESP"]
[SourceTitle "playchess.com"]
[Source "ChessBase"]
[SourceQuality "1"]
[TimeControl "5400+30"]

1. d4 {[%emt 0:00:00]} Nf6 {[%emt 0:00:00]} 2. Bf4 {[%emt 0:00:00]} g6 {[%emt 0:00:00]} 3. e3 {[%emt 0:00:09]} Bg7 {[%emt 0:00:00]} 4. Nf3 {[%emt 0:00:13]} d6 {[%emt 0:00:04]} 5. h3 {[%emt 0:00:10]} O-O {[%emt 0:00:15]} 6. Be2 {[%emt 0:00:09]} Nc6 {[%emt 0:00:39]} 7. c3 {[%emt 0:00:42]} Nd7 {[%emt 0:01:03]} 8. Nbd2 {[%emt 0:01:40]} e5 {[%emt 0:03:04]} 9. dxe5 {[%emt 0:02:50]} Ndxe5 {[%emt 0:01:49]} 10. O-O {[%emt 0:03:10]} h6 {[%emt 0:04:19]} 11. Bh2 {[%emt 0:06:24]} Qe7 {[%emt 0:03:46]} 12. Re1 {[%emt 0:04:19]} Bd7 {[%emt 0:12:14]} 13. Nd4 {[%emt 0:09:10]} Nd8 {[%emt 0:03:52]} 14. Nc4 {[%emt 0:12:43]} Nxc4 {[%emt 0:04:56]} 15. Bxc4 {[%emt 0:00:14]} a6 {[%emt 0:03:40]} 16. Qd3 {[%emt 0:10:36]} Kh7 {[%emt 0:09:22]} 17. Rad1 {[%emt 0:03:30]} Re8 {[%emt 0:04:06]} 18. Bd5 {[%emt 0:06:46]} Rb8 {[%emt 0:11:01]} 19. Qc4 {[%emt 0:01:49]} Rc8 {[%emt 0:01:55]} 20. Qb3 {[%emt 0:01:50]} Rb8 {[%emt 0:19:39]} 21. Qc4 {[%emt 0:02:33]} Ne6 {[%emt 0:00:17]} 22. Bg3 {[%emt 0:02:45]} b5 {[%emt 0:03:04]} 23. Qb3 {[%emt 0:01:06]} Rb6 {[%emt 0:00:45]} 24. a3 {[%emt 0:01:33]} a5 {[%emt 0:04:18]} 25. Qc2 {[%emt 0:00:33]} Ng5 {[%emt 0:03:02]} 26. f3 {[%emt 0:04:22]} c6 {[%emt 0:01:36]} 27. Ba2 {[%emt 0:01:52]} c5 {[%emt 0:00:06]} 28. Nb3 {[%emt 0:01:14]} a4 {[%emt 0:03:18]} 29. Nc1 {[%emt 0:00:10]} Bxh3 {[%emt 0:01:02]} 30. Qd2 {[%emt 0:02:27]} Be6 {[%emt 0:01:05]} 31. Bb1 {[%emt 0:01:04]} d5 {[%emt 0:00:19]} 32. e4 {[%emt 0:00:32]} dxe4 {[%emt 0:00:25]} 33. f4 {[%emt 0:00:02]} Bg4 {[%emt 0:00:31]} 34. fxg5 {[%emt 0:01:47]} Bxd1 {[%emt 0:00:02]} 35. gxh6 {[%emt 0:01:05]} Bxh6 {[%emt 0:00:06]} 36. Qxd1 {[%emt 0:00:04]} Qg5 {[%emt 0:00:55]} 37. Ne2 {[%emt 0:00:02]} Rd8 {[%emt 0:00:47]} 38. Qc2 {[%emt 0:00:04]} Rd3 {[%emt 0:00:42]} 39. Bf4 {[%emt 0:00:33]} Qh4 {[%emt 0:00:49]} 40. Bxh6 {[%emt 0:00:15]} Qxe1+ {[%emt 0:00:15]} 0-1

[Event "84th ESP-ch 2019"]
[Site "Marbella"]
[Date "2019.11.23"]
[Round "8.40"]
[White "Medarde Santiago, Luis Marcos"]
[Black "Perea Fruet, Lorenzo"]
[Result "1-0"]
[WhiteElo "2285"]
[BlackElo "1582"]
[Annotator "TA"]
[PlyCount "165"]
[EventDate "2019.11.16"]
[EventType "swiss"]
[EventCountry "ESP"]
[SourceTitle "playchess.com"]
[Source "ChessBase"]
[SourceQuality "1"]

{[%evp 14,165,30,25,24,13,20,0,48,56,72,71,77,62,56,53,107,86,99,47,40,28,92,39,47,52,85,82,93,108,148,130,158,97,102,89,162,60,92,77,89,49,103,54,102,66,133,125,193,118,177,73,82,0,7,0,0,0,0,0,0,0,0,0,0,0,0,0,0,-1,0,0,0,0,0,0,0,0,0,0,0,0,0,0,0,0,0,0,0,0,0,0,0,0,8,0,6,9,35,0,19,16,82,0,0,0,12,12,101,29,37,30,82,74,80,0,89,76,171,177,206,91,239,56,54,77,63,58,49,0,154,124,200,116,118,131,68,0,0,0,0,-262,0,0,0,0,0,0,0,0,0,0,5497,5397]} 1. e4 c5 2. Nf3 e6 3. d4 cxd4 4. Nxd4 Nc6 5. Nc3 Qc7 6. g3 a6 7. Bg2 Nf6 8. O-O h5 {B47: Sicilian: Taimanov: 5 Nc3 Qc7 6 f4, 6 g3 and 6 Be2} (8... d6 9. Re1 Nd7 10. a4 Be7 11. Nde2 O-O 12. b3 Rb8 13. Bb2 b5 14. axb5 axb5 15. Nf4 b4 16. Na4 Bf6 {0-1 (68) Maghsoodloo,P (2656)-Shankland,S (2713) Biel 2019}) 9. h3 Bc5 10. Nxc6 bxc6 {The position is equal.} 11. Qf3 e5 12. Bg5 Be7 13. Na4 $146 ({Predecessor:} 13. Rad1 d6 14. b3 Be6 15. Qd3 a5 16. Na4 {1-0 (45) Jacobson,A (2365)-Mishra,A (2195) New York 2019}) 13... Rb8 14. c4 Bb7 (14... d6 $14) 15. Rfd1 d6 16. Rac1 (16. Qe2 $16) 16... c5 $14 17. Qe2 Nd7 (17... Nh7 $11 18. Bxe7 Kxe7) 18. Qd2 (18. Bxe7 $1 $16 Kxe7 19. h4) 18... Bc6 19. Nc3 f6 20. Be3 Nb6 21. b3 Qb7 22. Qe2 Bd7 23. Kh2 (23. f4 $142) 23... h4 $16 24. g4 g5 (24... Qc7 $16) 25. Qc2 (25. f4 $1 $18) 25... Kf7 26. Rd3 Rhd8 27. Bd2 Rbc8 (27... Bc6 $14) 28. Nd1 Be6 29. Ne3 Bf8 (29... Nd7 $14) 30. Ba5 Rd7 (30... Rc6 $16 31. Nd5 Ra8 32. Nxb6 Rxb6) 31. Qd2 (31. Nd5 $18 Bxd5 32. exd5) 31... Re8 (31... Kg7 $16 32. Bc3 Kg8) 32. Qd1 (32. Nd5 $1 $18 {[%cal Rd5b6] has better winning chances.} Bxd5 33. exd5) 32... Nc8 33. Bf3 (33. b4 $16) 33... Na7 $11 34. Rb1 Nc6 35. Bc3 Rb8 36. Rb2 Qc7 37. Qe1 Qb7 38. Rd1 Qc8 39. Rc1 Rdb7 40. Kg1 a5 41. Rcb1 Qc7 42. Bd1 Be7 43. Bc2 Bd8 44. Bd1 Kg7 45. Qe2 Nd4 46. Qd3 Qc6 47. Kf1 Qa6 48. Kg2 Qc6 49. Nd5 Qa6 (49... Ra8 {looks sharper.} 50. a3 Qe8 51. Bc2 Qf7 52. Qd1 Bb6) 50. Bxd4 (50. Bc2 {is interesting.} Qc6 51. Qd1 Qd7 52. Bd3 Bf7 53. a3) 50... cxd4 51. a3 Rc8 52. Be2 Rcb8 53. b4 Qc6 54. Rb3 axb4 55. axb4 Bb6 56. Qc2 Qd7 57. Bd3 Bd8 (57... Qa4 $11) 58. Qd2 (58. Ra3 $16) 58... Ra7 59. Rc1 Qa4 60. Rbb1 Rab7 (60... Qd7 $11) 61. Ra1 (61. b5 $1 $16 Ra8 62. Ra1 Qxa1 63. Rxa1 Rxa1 64. Qb4) 61... Qd7 62. Rcb1 Bb6 (62... Ra7 $11 {remains equal.}) 63. Qc2 Bd8 64. Qd2 Bb6 65. Ra6 Qe8 (65... Bc7 $16 {was necessary.}) 66. Qe2 $1 $18 Qd7 67. Rba1 (67. Rc1 $1 $18 {is the precise move to win.}) 67... Bc7 (67... Bd8 $16) 68. b5 $2 (68. c5 $18 {Strongly threatening c6.} Qf7 69. cxd6) 68... Bb6 $1 $14 69. Rxb6 Rxb6 70. Nxb6 Rxb6 71. Qd2 Rb7 $2 ({Better is} 71... Qc8 $11) 72. Ra6 $16 Kg6 {[#]} (72... Kf7 $16) 73. f3 (73. Kf3 $1 $18) 73... Rc7 74. Qb4 Qf7 (74... Rc5 $16) 75. Rc6 ({White should play} 75. Ra4 $14) 75... Rxc6 $11 76. bxc6 Qa7 77. Bb1 $2 {[%mdl 8192] [#]} (77. Bf1 $11 {and White is okay.}) 77... d3 $2 (77... Qc5 $1 $19 {[%mdl 512]} 78. Qxc5 dxc5) 78. Bxd3 Qe3 79. Bf1 $36 {[%mdl 2048] White has the initiative.} Qf4 80. Qe1 Kf7 81. c5 dxc5 82. c7 {Threatens to win with Bc4!} c4 $2 {[%mdl 8192] [#]} (82... Bc8 $11) 83. Bxc4 $1 {[%mdl 512] Accuracy: White = 40%, Black = 37%.} 1-0

[Event "84th ESP-ch 2019"]
[Site "Marbella"]
[Date "2019.11.23"]
[Round "8.41"]
[White "Maceira Moya, Nery"]
[Black "Collado Barbas, Laura"]
[Result "0-1"]
[WhiteElo "1773"]
[BlackElo "2142"]
[Annotator "NA"]
[PlyCount "56"]
[EventDate "2019.11.16"]
[EventType "swiss"]
[EventCountry "ESP"]
[SourceTitle "playchess.com"]
[Source "ChessBase"]
[SourceQuality "1"]
[TimeControl "5400+30"]

1. Nf3 {[%emt 0:00:00]} d5 {[%emt 0:00:00]} 2. g3 {[%emt 0:00:00]} Nf6 {[%emt 0:00:19]} 3. Bg2 {[%emt 0:00:00]} e6 {[%emt 0:00:23]} 4. d4 {[%emt 0:00:11]} c5 {[%emt 0:00:08]} 5. O-O {[%emt 0:00:56]} Nc6 {[%emt 0:00:07]} 6. c3 {[%emt 0:01:09]} Be7 {[%emt 0:00:20]} 7. Nbd2 {[%emt 0:00:34]} O-O {[%emt 0:00:20]} 8. Qc2 {[%emt 0:00:58]} b6 {[%emt 0:04:02]} 9. e4 {[%emt 0:06:45]} cxd4 {[%emt 0:07:03]} 10. e5 Nd7 {[%emt 0:01:38]} 11. cxd4 {[%emt 0:00:52]} Nb4 {[%emt 0:01:28]} 12. Qb3 {[%emt 0:00:31]} Ba6 {[%emt 0:00:29]} 13. Re1 {[%emt 0:00:21]} Rc8 {[%emt 0:00:53]} 14. Rd1 {[%emt 0:04:13]} Nc2 {[%emt 0:01:57]} 15. Rb1 {[%emt 0:00:39]} Be2 {[%emt 0:00:20]} 16. Rf1 {[%emt 0:01:10]} b5 {[%emt 0:03:58]} 17. a3 {[%emt 0:03:18]} Qb6 {[%emt 0:02:42]} 18. Re1 {[%emt 0:06:01]} Nxe1 {[%emt 0:02:50]} 19. Nxe1 {[%emt 0:00:09]} Qxd4 {[%emt 0:00:21]} 20. Ndf3 {[%emt 0:00:36]} Qe4 {[%emt 0:03:16]} 21. Ra1 {[%emt 0:04:29]} Nc5 {[%emt 0:05:25]} 22. Qe3 {[%emt 0:03:05]} Qxe3 {[%emt 0:01:24]} 23. Bxe3 {[%emt 0:00:09]} Nb3 {[%emt 0:00:24]} 24. Rb1 {[%emt 0:00:08]} Bc5 {[%emt 0:00:34]} 25. Bxc5 {[%emt 0:01:00]} Rxc5 {[%emt 0:00:42]} 26. Bf1 {[%emt 0:00:56]} Bxf3 {[%emt 0:03:55]} 27. Nxf3 {[%emt 0:00:19]} Rfc8 {[%emt 0:00:16]} 28. Bd3 {[%emt 0:00:42]} Rc1+ 0-1

[Event "84th ESP-ch 2019"]
[Site "Marbella"]
[Date "2019.11.23"]
[Round "8.42"]
[White "Diaz Mino, Pablo"]
[Black "Castellanos Bogalo, Antonio"]
[Result "1-0"]
[WhiteElo "2135"]
[BlackElo "1915"]
[Annotator "NA"]
[PlyCount "44"]
[EventDate "2019.11.16"]
[EventType "swiss"]
[EventCountry "ESP"]
[SourceTitle "playchess.com"]
[Source "ChessBase"]
[SourceQuality "1"]
[TimeControl "5400+30"]

1. d4 {[%emt 0:00:00]} Nf6 {[%emt 0:00:00]} 2. c4 {[%emt 0:00:00]} e5 {[%emt 0:00:00]} 3. dxe5 {[%emt 0:00:19]} Ne4 {[%emt 0:00:03]} 4. a3 {[%emt 0:02:23]} a5 {[%emt 0:04:36]} 5. b3 {[%emt 0:02:15]} Nc6 {[%emt 0:02:26]} 6. Nf3 {[%emt 0:00:47]} Bc5 {[%emt 0:03:41]} 7. e3 {[%emt 0:00:21]} Qe7 {[%emt 0:04:32]} 8. Bb2 {[%emt 0:03:57]} f6 {[%emt 0:03:07]} 9. exf6 {[%emt 0:00:30]} Nxf6 {[%emt 0:00:30]} 10. Nc3 {[%emt 0:03:56]} O-O {[%emt 0:08:24]} 11. Nd5 {[%emt 0:03:27]} Nxd5 {[%emt 0:00:30]} 12. Qxd5+ {[%emt 0:00:30]} Kh8 {[%emt 0:01:01]} 13. Bd3 {[%emt 0:00:00]} Qd6 {[%emt 0:20:50]} 14. Qg5 {[%emt 0:04:51]} Rg8 {[%emt 0:03:44]} 15. O-O-O {[%emt 0:02:06]} Bxa3 {[%emt 0:03:37]} 16. Bxh7 {[%emt 0:01:01]} Bxb2+ {[%emt 0:00:13]} 17. Kxb2 {[%emt 0:00:14]} Qf6+ {[%emt 0:01:17]} 18. Qxf6 {[%emt 0:00:05]} gxf6 {[%emt 0:00:04]} 19. Bxg8 {[%emt 0:00:05]} Kxg8 {[%emt 0:00:05]} 20. Nd4 {[%emt 0:00:40]} Ne5 {[%emt 0:01:08]} 21. Nb5 {[%emt 0:00:30]} a4 {[%emt 0:00:30]} 22. Nxc7 {[%emt 0:00:30]} Rb8 {[%emt 0:01:38]} 1-0

[Event "84th ESP-ch 2019"]
[Site "Marbella"]
[Date "2019.11.24"]
[Round "9.1"]
[White "Ibarra Jerez, Jose Carlos"]
[Black "Salgado Lopez, Ivan"]
[Result "1/2-1/2"]
[WhiteElo "2540"]
[BlackElo "2594"]
[Annotator "ChessBase"]
[PlyCount "52"]
[EventDate "2019.11.16"]
[EventType "swiss"]
[EventCountry "ESP"]
[SourceTitle "playchess.com"]
[Source "ChessBase"]
[SourceQuality "1"]
[TimeControl "5400+30"]

1. Nf3 {[%emt 0:00:00]} d5 {[%emt 0:00:51]} 2. g3 {[%emt 0:00:18]} Bg4 {[%emt 0:01:10]} 3. Bg2 {[%emt 0:00:48]} c6 {[%emt 0:00:28]} 4. O-O {[%emt 0:07:24]} Nd7 {[%emt 0:01:00]} 5. h3 {[%emt 0:00:44]} Bh5 {[%emt 0:00:39]} 6. d3 {[%emt 0:00:46]} e6 {[%emt 0:04:15]} 7. e4 {[%emt 0:01:37]} Ne5 {[%emt 0:04:29]} 8. Nbd2 {[%emt 0:07:08]} Nxf3+ {[%emt 0:01:42]} 9. Bxf3 {[%emt 0:02:08]} Bxf3 {[%emt 0:02:28]} 10. Qxf3 {[%emt 0:02:11]} Nf6 {[%emt 0:00:30]} 11. Re1 {[%emt 0:06:08]} Be7 {[%emt 0:01:43]} 12. e5 {[%emt 0:07:28]} Nd7 {[%emt 0:00:29]} 13. Qg4 {[%emt 0:01:57]} O-O {[%emt 0:06:16]} 14. Nf3 {[%emt 0:00:58]} Kh8 {[%emt 0:00:51]} 15. Kg2 {[%emt 0:06:14]} a5 {[%emt 0:00:55]} 16. h4 {[%emt 0:01:50]} a4 {[%emt 0:02:49]} 17. Bd2 {[%emt 0:04:26]} b5 {[%emt 0:05:12]} 18. Ng5 {[%emt 0:05:39]} Qe8 {[%emt 0:03:40]} 19. a3 {[%emt 0:04:22]} Ra6 {[%emt 0:03:28]} 20. Re3 {[%emt 0:05:52]} c5 {[%emt 0:03:00]} 21. Rae1 {[%emt 0:00:23]} Kg8 {[%emt 0:04:24]} 22. Nh3 {[%emt 0:03:01]} Kh8 {[%emt 0:02:18]} 23. Nf4 {[%emt 0:01:07]} Rg8 {[%emt 0:01:54]} 24. Nh3 {[%emt 0:01:02]} Rf8 {[%emt 0:00:07]} 25. Nf4 {[%emt 0:00:14]} Rg8 {[%emt 0:00:06]} 26. Nh3 {[%emt 0:06:52]} Rf8 1/2-1/2